000 01062cam a22003014a 4500
001 16309359
003 OSt
005 20150408114149.0
008 100629s2011 nyu b 001 0 eng
010 _a 2010021870
020 _a9780521493369 (hardback)
020 _a0521493366 (hardback)
035 _a(OCoLC)ocn645789647
040 _aDLC
_cDLC
_dCDX
_dYDXCP
_dDLC
042 _apcc
050 0 0 _aTK5103.485
_b.R43 2011
082 0 0 _a006.3/3
_222
_bRES
245 0 0 _aRecommender systems :
_ban introduction /
_cDietmar Jannach ... [et al.].
260 _aNew York :
_bCambridge University Press,
_c2011.
300 _a335 p. ;
_c24 cm.
504 _aIncludes bibliographical references and index.
650 0 _aPersonal communication service systems.
_912845
650 0 _aRecommender systems (Information filtering)
_939436
700 1 _aJannach, Dietmar,
_d1973-
_939437
906 _a7
_bcbc
_corignew
_d1
_eecip
_f20
_gy-gencatlg
942 _2ddc
_cBOOK
999 _c31907
_d266407